Normal view
MARC view
- Albert, A. Adrian
Entry Personal Name
001 - CONTROL NUMBER
- control field: 102186
003 - CONTROL NUMBER IDENTIFIER
- control field: NUST
005 - DATE AND TIME OF LATEST TRANSACTION
- control field: 20221101114141.0
008 - FIXED-LENGTH DATA ELEMENTS
- fixed length control field: 221101|| aca||aabn | a|a d
040 ## - CATALOGING SOURCE
- Original cataloging agency: NUST
- Transcribing agency: NUST
100 ## - HEADING--PERSONAL NAME
- Personal name: Albert, A. Adrian
- Fuller form of name: (Abraham Adrian),
- Dates associated with a name: 1905-1972
670 ## - SOURCE DATA FOUND
- Source citation: Work cat.: (NUST)0: Albert, A. Adrian (Abraham Adrian), 1905-1972, author., Modern higher algebra /
